Notes on coffee research in South India (Record no. 20771)

MARC details
000 -LEADER
fixed length control field 00343nam a2200121Ia 4500
082 ## - DEWEY DECIMAL CLASSIFICATION NUMBER
Classification number 633.73:001.814(548)
Item number MAY;1
100 ## - MAIN ENTRY--AUTHOR NAME
Personal name MAYNE, W Wilson
245 #0 - TITLE STATEMENT
Title Notes on coffee research in South India
260 ## - PUBLICATION, DISTRIBUTION, ETC. (IMPRINT)
Place of publication Bangalore
Name of publisher Indian Coffee Board
Year of publication 1946
650 ## - SUBJECT ADDED ENTRY--TOPICAL TERM
Topical Term Coffee research
942 ## - ADDED ENTRY ELEMENTS (KOHA)
Koha item type Books
Holdings
Withdrawn status Lost status Damaged status Not for loan Home library Current library Date acquired Full call number Accession Number Koha item type
        RRII Library RRII Library 16/12/2021 633.73:001.814(548) MAY;1 01492 Books